Východočeská duchovní a slovesná kultura v 18. století. - Boskovice : Albert. - 1999 [Rezension]
| Titel: | Východočeská duchovní a slovesná kultura v 18. století. - Boskovice : Albert. - 1999 [Rezension] |
|---|---|
| Verfasser: | |
| In: |
Acta Comeniana, Band 14 (38) (2000), Seite 294-297 alle Artikel anzeigen |
| Veröffentlicht: | 2000 |
| Format: | Aufsatz |
| Sprache: | Keine Angabe |
X
alg: 39516410 001A $01999:12-11-16 001B $01999:09-08-21 $t17:41:39.000 001D $01999:12-11-16 001U $0utf8 001X $00 002@ $0Aox 003@ $0395164109 007A $0395164109 $aHEB 007T $0Herdp27749 010@ $axxx 011@ $a2000 021A $aVýchodočeská duchovní a slovesná kultura v 18. století. - Boskovice : Albert. - 1999 [Rezension] 028A $7132750716 $8Řezník, Miloš$Z1970- [Tp3] $9185260195 031A $d14 (38) $h294-297 $j2000 039B $aIn $8--Abvc--. Acta Comeniana. - Praha : Filosofia, 1969-. - ISSN 0231-5955 $x200000000140000706 $9047438355 039T $8--Aax--. Východočeská duchovní a slovesná kultura v 18. století. - Boskovice : Albert, 1999. - 514 s.. - ISBN 80-85384-85-8 $9395468833 045F $a900.94371 $eDDC23BSB 045F/01 $a900 045F/03 $g4371 045T $a5,3 $a7,41 lok: 39516410 78 exp: 39516410 78 1 #EPN 201B/01 $026-11-17 $t04:02:31.000 201U/01 $0utf8 203@/01 $0791469735 208@/01 $a12-11-16 $be 209A/01 $a/ $f000 $x00 220C/01 $aHerkunft: Hú Av Čr Praha 244Z/01 $#Tschechien $#Tschechische Republik $#Tschechische Republik $#Tschechenland $#Tschechei Tschechien $#Česká Republika $#Czech Republic $#ČR $74303381-7 $8--Tg1--Tschechien $x01 $9086659812 244Z/01 $2Trx $#Böhmen $#Bohemia $#Czechy $8--Trx--Čechy $x02 $9391188941 244Z/01 $2Trx $#arvustused $#recenzijos $#Reviews $#recenziók $#recenzje $#recenzie $#recenze $8--Trx--Rezensionen $x03 $9391357441 247C/01 $82080>Marburg/Lahn, Herder-Institut, Forschungsbibliothek, Bibliographieportal $9336309341
| LEADER | 00000caa a22000002c 4500 | ||
|---|---|---|---|
| 001 | 395164109 | ||
| 003 | DE-603 | ||
| 005 | 20210809174139.0 | ||
| 007 | tu | ||
| 008 | 161112s2000 xx |||| | u00||u|xxx c | ||
| 035 | |a (DE-599)HEB395164109 | ||
| 040 | |a DE-603 |b ger |c DE-603 |d DE-603 | ||
| 041 | |a xxx | ||
| 082 | 0 | 4 | |8 1\u |a 900.94371 |q DE-101 |2 23/BSB |
| 084 | |a 5,3 |a 7,41 |2 ssgn | ||
| 085 | |8 1\u |b 900 | ||
| 085 | |8 1\u |z 2 |s 4371 | ||
| 100 | 1 | |a Řezník, Miloš |d 1970- |0 (DE-603)185260195 |0 (DE-588)132750716 |2 gnd | |
| 245 | 0 | 0 | |a Východočeská duchovní a slovesná kultura v 18. století. - Boskovice : Albert. - 1999 [Rezension] |
| 264 | 0 | |c 2000 | |
| 773 | 0 | 8 | |i In |t Acta Comeniana |d Praha : Filosofia, 1969- |x 0231-5955 |g Band 14 (38) (2000), Seite 294-297 |w (DE-603)047438355 |w (DE-600)253066-1 |
| 787 | 0 | 8 | |i Rezension von |t Východočeská duchovní a slovesná kultura v 18. století |d Boskovice : Albert, 1999 |h 514 s. |z 8085384858 |w (DE-603)395468833 |
| 924 | 0 | |9 2080 |a (DE-603)791469735 |b DE-2080 |c HES |d d |g / | |


